Goethe. Sein Leben und seine Werke. In zwei Bänden
Na minha lista:
| Autor principal: | |
|---|---|
| Formato: | Livro |
| Idioma: | alemão |
| Publicado em: |
Múnich
S. H. Beck'sche
1903
|
| Assuntos: | |
| Tags: |
Adicionar Tag
Sem tags, seja o primeiro a adicionar uma tag!
|
MARC
| LEADER | 00000nam a2200000 a 4500 | ||
|---|---|---|---|
| 001 | UCJ8143 | ||
| 003 | CL-VaPUC | ||
| 005 | 20220107074133.0 | ||
| 008 | 070124e19031018GW |||||||||||||||||ger|d | ||
| 999 | |c 323939 |d 323937 | ||
| 040 | |c Pontificia Universidad Católica de Valparaíso | ||
| 082 | 0 | 4 | |a 928 BIE 1903 |2 21 |
| 100 | 0 | |a Bielschowsky, Albert |9 516836 | |
| 245 | 1 | 0 | |a Goethe. Sein Leben und seine Werke. In zwei Bänden |
| 260 | |a Múnich |b S. H. Beck'sche |c 1903 | ||
| 300 | |a 2 v | ||
| 583 | |a last modification |c 20070124 00:00:00 |k Rodrigo Vera | ||
| 600 | 0 | 7 | |a GOETHE, JOHANE WOLFANG |2 CL-VaPUC |9 516837 |
| 650 | 7 | |a BIOGRAFIAS |2 CL-VaPUC |9 504622 | |
| 650 | 0 | |a Crítica literaria |9 269189 | |
| 650 | 0 | |a Iconografía |9 267998 | |
| 942 | |c BK |2 ddc | ||
| 945 | |d 20070124 00:00:00 |a rinostro | ||
| 952 | |0 0 |1 0 |2 ddc |4 0 |6 928_000000000000000_BIE_1903 |7 0 |8 X |9 403803 |a FDOBUD |b FDOBUD |d 2019-11-22 |h v.1 |i 1073478 |o 928 BIE 1903 |p 1073478 |r 2019-11-22 |t 1 |w 2019-11-22 |y BK_X |k BUD | ||
| 952 | |0 0 |1 0 |2 ddc |4 0 |6 928_000000000000000_BIE_1903 |7 0 |8 X |9 403804 |a FDOBUD |b FDOBUD |d 2019-11-22 |h v.2 |i 1073486 |o 928 BIE 1903 |p 1073486 |r 2019-11-22 |t 1 |w 2019-11-22 |y BK_X |k BUD | ||